000 00397nam a2200145Ia 4500
008 231217s9999 xx 000 0 und d
041 _aEnglish
082 _a658.4038 AWA;1 R
100 _aAwad, Elias M. Ghaziri, Hassan M.
245 0 _aKnowledge management
260 _c2004
_bPearson Education (Singapore)
_aDelhi
300 _axxiii+456
650 _aKnowledge,management
942 _cAA
999 _c173985
_d173985